Επώνυμα και συντεχνίες : εσνάφια

Αποθηκεύτηκε σε:
Λεπτομέρειες βιβλιογραφικής εγγραφής
Κύριος συγγραφέας: Μολίνος, Στρατής Αλ. 1940-
Μορφή: Βιβλίο
Γλώσσα:Greek
Δημοσίευση: Αθήνα : Φιλιππότη, 1992
Σειρά:Λαογραφία-παράδοση ; ; 16
Θέματα:
Ετικέτες: Προσθήκη ετικέτας
Δεν υπάρχουν, Καταχωρήστε ετικέτα πρώτοι!

MARC

LEADER 00000nam a2200000 i 4500
001 1/96855
008 950120s1992 gre d
035 |l 10010339 
040 |a GR-MY-UA  |b gre  |e aacr 
041 0 |a gre 
082 0 |a 929.42 
100 1 |a Μολίνος, Στρατής Αλ.  |d 1940- 
245 1 0 |a Επώνυμα και συντεχνίες :  |b εσνάφια /  |c Στρατής Μολίνος 
260 |a Αθήνα :   |b Φιλιππότη,   |c 1992 
300 |a 121 σ.  |b εικ. 
490 1 |a Λαογραφία - παράδοση  |v ; 16 
504 |a Περιέχει βιβλιογραφία 
650 0 0 |a Names, Personal  |z Greece. 
650 0 0 |a Names, Personal  |x Folklore. 
650 0 0 |a Folklore  |z Greece. 
830 0 |a Λαογραφία-παράδοση ;  |v ; 16 
852 |a INST  |b LESVOS  |e 19950120  |h 929.42 ΜΟΛ  |p 005100003178  |q 005100003178  |t BK  |y 0 
852 |a INST  |b LESVOS  |e 20000516  |h 929.42 ΜΟΛ  |p 005100024232  |q 005100024232  |t BK  |y 4  |x 20000614 
909 |a Λ  |b 025144 
909 |a Λ  |b 078133 
920 |a ΕΡΓΑΣΤΗΡΙΟ ΠΟΛΙΤΙΣΜΙΚΗ ΕΠΙΚΟΙΝΩΝΙΑΣ ΚΑΙ ΤΕΚΜΗΡΙΩΣΗΣ  |y ΛΕΣΒΟΣ  |z 2000-05